00505nam a2200181Ii 450000100060000000300090000600800410001504000330005604100080008908200130009710000180011024500270012826400750015530000120023033600260024233700280026833800270029611344CO-ViMGA241108s9999||||xx |||||||||||||| ||und|| aCO-ViMGAbspaerdacCO-ViMGA0 aunk04a823-G7991 aGraham Greene10a Poder y la Gloria 1a[Lugar de publicación no identificado] : Círculo de Lectores, 1954 avolumen atextbtxt2rdacontent aunmediatedbn2rdamedia avolumebnc2rdacarrier